[Event "Grand Swiss "]
[Date "2025.09.13"]
[White "Wojtaszek, Radoslaw"]
[Black "Daneshvar, Bardiya"]
[WhiteElo "2661"]
[BlackElo "2598"]
[Round "8.8.50"]
[Result "1/2-1/2"]

1. d4 {[%clk 01:40:57] [%emt 00:00:02]} Nf6 {[%clk 01:40:48] [%emt 00:00:12]} 2.
c4 {[%clk 01:41:23] [%emt 00:00:04]} e6 {[%clk 01:41:15] [%emt 00:00:03]} 3. Nf3
{[%clk 01:41:45] [%emt 00:00:07]} d5 {[%clk 01:41:42] [%emt 00:00:05]} 4. Nc3
{[%clk 01:42:08] [%emt 00:00:07]} Bb4 {[%clk 01:42:08] [%emt 00:00:03]} 5. cxd5
{[%clk 01:42:18] [%emt 00:00:20]} exd5 {[%clk 01:42:34] [%emt 00:00:05]} 6. Bg5
{[%clk 01:42:41] [%emt 00:00:05]} h6 {[%clk 01:42:33] [%emt 00:00:32]} 7. Bh4
{[%clk 01:43:05] [%emt 00:00:06]} O-O {[%clk 01:42:51] [%emt 00:00:12]} 8. e3
{[%clk 01:43:18] [%emt 00:00:17]} Bf5 {[%clk 01:43:16] [%emt 00:00:06]} 9. Ne5
{[%clk 01:42:05] [%emt 00:01:43]} c5 {[%clk 01:38:30] [%emt 00:05:16]} 10. Bd3
{[%clk 01:42:14] [%emt 00:00:20]} cxd4 {[%clk 01:35:46] [%emt 00:03:14]} 11.
exd4 {[%clk 01:39:54] [%emt 00:02:49]} Bxc3+ {[%clk 01:30:36] [%emt 00:05:41]}
12. bxc3 {[%clk 01:38:25] [%emt 00:01:59]} Bxd3 {[%clk 01:30:53] [%emt
00:00:13]} 13. Qxd3 {[%clk 01:38:40] [%emt 00:00:15]} Qd6 {[%clk 01:27:19] [%emt
00:04:05]} 14. Bxf6 {[%clk 01:37:32] [%emt 00:01:36]} Qxf6 {[%clk 01:26:51]
[%emt 00:00:59]} 15. O-O {[%clk 01:37:54] [%emt 00:00:08]} Qd6 {[%clk 01:24:34]
[%emt 00:02:47]} 16. Qb5 {[%clk 01:23:46] [%emt 00:14:38]} Nc6 {[%clk 01:21:42]
[%emt 00:03:22]} 17. Qxb7 {[%clk 01:18:59] [%emt 00:05:18]} Nxe5 {[%clk
01:22:06] [%emt 00:00:05]} 18. dxe5 {[%clk 01:19:26] [%emt 00:00:03]} Qxe5
{[%clk 01:22:31] [%emt 00:00:06]} 19. Rad1 {[%clk 01:19:52] [%emt 00:00:03]}
Qxc3 {[%clk 01:21:49] [%emt 00:01:12]} 20. Qxd5 {[%clk 01:19:42] [%emt
00:00:40]} a5 {[%clk 01:22:03] [%emt 00:00:16]} 21. Rd3 {[%clk 01:19:25] [%emt
00:00:46]} Qb2 {[%clk 01:21:50] [%emt 00:00:44]} 22. Rd2 {[%clk 01:18:29] [%emt
00:01:27]} Qc3 {[%clk 01:22:12] [%emt 00:00:08]} 23. Rd3 {[%clk 01:18:54] [%emt
00:00:03]} Qb2 {[%clk 01:22:39] [%emt 00:00:04]} 24. Rd2 {[%clk 01:19:21] [%emt
00:00:03]} Qc3 {[%clk 01:22:59] [%emt 00:00:10]} 25. Rd3 {[%clk 01:19:47] [%emt
00:00:03]} Qb2 {[%emt 00:00:35]} 1/2-1/2

[Site "Europe Echecs"]

[Event "Grand Swiss "]
[Date "2025.09.13"]
[White "Indjic, Aleksandar"]
[Black "Warmerdam, Max"]
[WhiteElo "2650"]
[BlackElo "2591"]
[Round "8.8.51"]
[Result "1-0"]

1. d4 {[%clk 01:40:38] [%emt 00:00:21]} Nf6 {[%clk 01:40:50] [%emt 00:00:10]} 2.
c4 {[%clk 01:41:00] [%emt 00:00:08]} g6 {[%clk 01:41:13] [%emt 00:00:07]} 3. Nc3
{[%clk 01:41:12] [%emt 00:00:18]} Bg7 {[%clk 01:41:36] [%emt 00:00:07]} 4. e4
{[%clk 01:40:14] [%emt 00:01:27]} d6 {[%clk 01:42:01] [%emt 00:00:05]} 5. Be2
{[%clk 01:39:41] [%emt 00:01:04]} e5 {[%clk 01:42:24] [%emt 00:00:07]} 6. d5
{[%clk 01:38:58] [%emt 00:01:13]} Nbd7 {[%clk 01:42:38] [%emt 00:00:16]} 7. Nf3
{[%clk 01:38:36] [%emt 00:00:52]} Nc5 {[%clk 01:42:23] [%emt 00:00:45]} 8. Qc2
{[%clk 01:37:48] [%emt 00:01:19]} a5 {[%clk 01:42:36] [%emt 00:00:16]} 9. h3
{[%clk 01:38:10] [%emt 00:00:08]} h5 {[%clk 01:34:34] [%emt 00:08:31]} 10. Be3
{[%clk 01:33:06] [%emt 00:05:35]} b6 {[%clk 01:32:06] [%emt 00:02:57]} 11. O-O
{[%clk 01:29:46] [%emt 00:03:50]} Bh6 {[%clk 01:30:57] [%emt 00:01:39]} 12. Bxh6
{[%clk 01:27:23] [%emt 00:02:54]} Rxh6 {[%clk 01:30:16] [%emt 00:01:11]} 13. Qc1
{[%clk 01:27:20] [%emt 00:00:32]} Rh8 {[%clk 01:29:48] [%emt 00:00:58]} 14. Qe3
{[%clk 01:27:44] [%emt 00:00:06]} Qe7 {[%clk 01:21:26] [%emt 00:08:53]} 15. b3
{[%clk 01:27:01] [%emt 00:01:14]} Bd7 {[%clk 01:14:47] [%emt 00:07:08]} 16. Rab1
{[%clk 01:25:47] [%emt 00:01:44]} Ng4 {[%clk 01:12:18] [%emt 00:02:59]} 17. Qc1
{[%clk 00:53:24] [%emt 00:32:52]} f5 {[%clk 01:03:17] [%emt 00:09:32]} 18. Ng5
{[%clk 00:47:09] [%emt 00:06:45]} f4 {[%clk 00:44:14] [%emt 00:19:34]} 19. h4
{[%clk 00:47:33] [%emt 00:00:06]} Nf6 {[%clk 00:43:10] [%emt 00:01:34]} 20. g3
{[%clk 00:41:30] [%emt 00:06:32]} Rf8 {[%clk 00:41:12] [%emt 00:02:27]} 21. a3
{[%clk 00:31:24] [%emt 00:10:38]} Nh7 {[%clk 00:36:39] [%emt 00:05:03]} 22. Nxh7
{[%clk 00:31:33] [%emt 00:00:21]} Qxh7 {[%clk 00:37:03] [%emt 00:00:05]} 23. b4
{[%clk 00:31:50] [%emt 00:00:13]} Nb7 {[%clk 00:36:47] [%emt 00:00:46]} 24. c5
{[%clk 00:28:38] [%emt 00:03:41]} bxc5 {[%clk 00:34:53] [%emt 00:02:25]} 25. b5
{[%clk 00:28:09] [%emt 00:01:00]} Nd8 {[%clk 00:24:09] [%emt 00:11:13]} 26. b6
{[%clk 00:27:59] [%emt 00:00:41]} cxb6 {[%clk 00:24:35] [%emt 00:00:04]} 27.
Rxb6 {[%clk 00:28:25] [%emt 00:00:04]} Qe7 {[%clk 00:24:14] [%emt 00:00:51]} 28.
Bb5 {[%clk 00:24:21] [%emt 00:04:33]} Rf6 {[%clk 00:23:54] [%emt 00:00:50]} 29.
Kg2 {[%clk 00:15:11] [%emt 00:09:40]} Kf8 {[%clk 00:23:11] [%emt 00:01:13]} 30.
f3 {[%clk 00:15:18] [%emt 00:00:23]} Bxb5 {[%clk 00:20:10] [%emt 00:03:31]} 31.
Nxb5 {[%clk 00:15:23] [%emt 00:00:25]} Nf7 {[%clk 00:17:44] [%emt 00:02:56]} 32.
Rc6 {[%clk 00:15:17] [%emt 00:00:36]} Qd7 {[%clk 00:15:53] [%emt 00:02:21]} 33.
a4 {[%clk 00:15:09] [%emt 00:00:38]} Rc8 {[%clk 00:15:04] [%emt 00:01:19]} 34.
Ra6 {[%clk 00:14:06] [%emt 00:01:34]} g5 {[%clk 00:13:32] [%emt 00:02:02]} 35.
Ra7 {[%clk 00:13:33] [%emt 00:01:02]} Qd8 {[%clk 00:06:48] [%emt 00:07:14]} 36.
hxg5 {[%clk 00:13:10] [%emt 00:00:53]} Nxg5 {[%clk 00:07:09] [%emt 00:00:09]}
37. Rh1 {[%clk 00:13:37] [%emt 00:00:02]} Qe8 {[%clk 00:06:52] [%emt 00:00:48]}
38. g4 {[%clk 00:12:53] [%emt 00:01:14]} Rh6 {[%clk 00:06:51] [%emt 00:00:31]}
39. Nxd6 {[%clk 00:08:10] [%emt 00:05:13]} Rxd6 {[%clk 00:05:15] [%emt
00:02:06]} 40. Rxh5 {[%clk 00:08:34] [%emt 00:00:06]} Rg6 {[%clk 00:02:33] [%emt
00:03:12]} 41. Qh1 {[%clk 00:06:46] [%emt 00:02:18]} Nf7 {[%clk 00:48:02] [%emt
00:05:01]} 42. Rf5 {[%clk 00:56:39] [%emt 00:00:37]} Kg8 {[%clk 00:38:13] [%emt
00:10:19]} 43. Rfxf7 {[%clk 00:55:15] [%emt 00:01:53]} Qxf7 {[%clk 00:38:39]
[%emt 00:00:05]} 44. Rxf7 {[%clk 00:55:39] [%emt 00:00:06]} Kxf7 {[%clk
00:39:06] [%emt 00:00:02]} 45. Qh7+ {[%clk 00:56:01] [%emt 00:00:07]} Kf6 {[%clk
00:39:32] [%emt 00:00:05]} 46. d6 {[%clk 00:56:25] [%emt 00:00:06]} Re8 {[%clk
00:38:40] [%emt 00:01:22]} 47. Qd7 {[%clk 00:48:28] [%emt 00:08:27]} 1-0

[Site "Europe Echecs"]

[Event "Grand Swiss "]
[Date "2025.09.13"]
[White "Goryachkina, Aleksandra"]
[Black "Yuffa, Daniil"]
[WhiteElo "2528"]
[BlackElo "2648"]
[Round "8.8.52"]
[Result "1-0"]

1. d4 {[%clk 01:40:51] [%emt 00:00:08]} Nf6 {[%clk 01:40:42] [%emt 00:00:19]} 2.
c4 {[%clk 01:41:14] [%emt 00:00:07]} e6 {[%clk 01:40:57] [%emt 00:00:16]} 3. Nf3
{[%clk 01:41:08] [%emt 00:00:36]} Bb4+ {[%clk 01:41:21] [%emt 00:00:05]} 4. Bd2
{[%clk 01:41:12] [%emt 00:00:26]} a5 {[%clk 01:41:45] [%emt 00:00:07]} 5. a3
{[%clk 01:37:17] [%emt 00:04:25]} Bxd2+ {[%clk 01:41:57] [%emt 00:00:18]} 6.
Qxd2 {[%clk 01:37:39] [%emt 00:00:08]} b6 {[%clk 01:42:17] [%emt 00:00:10]} 7.
Nc3 {[%clk 01:36:04] [%emt 00:02:04]} Bb7 {[%clk 01:42:42] [%emt 00:00:05]} 8.
e3 {[%clk 01:34:48] [%emt 00:01:46]} Ne4 {[%clk 01:39:49] [%emt 00:03:23]} 9.
Nxe4 {[%clk 01:28:25] [%emt 00:06:53]} Bxe4 {[%clk 01:40:14] [%emt 00:00:05]}
10. Be2 {[%clk 01:27:50] [%emt 00:01:05]} a4 {[%clk 01:35:57] [%emt 00:04:47]}
11. Qc3 {[%clk 01:24:30] [%emt 00:03:50]} Qf6 {[%clk 01:29:22] [%emt 00:07:04]}
12. O-O {[%clk 01:23:06] [%emt 00:01:55]} d6 {[%clk 01:22:52] [%emt 00:07:00]}
13. Nd2 {[%clk 01:17:17] [%emt 00:06:19]} Bb7 {[%clk 01:21:53] [%emt 00:01:30]}
14. Bd3 {[%clk 01:13:09] [%emt 00:04:38]} Nd7 {[%clk 01:13:51] [%emt 00:08:32]}
15. Qc2 {[%clk 01:09:46] [%emt 00:03:53]} Ra5 {[%clk 01:10:56] [%emt 00:03:25]}
16. Ne4 {[%clk 01:06:40] [%emt 00:03:35]} Qh6 {[%clk 01:01:31] [%emt 00:09:56]}
17. f4 {[%clk 01:03:19] [%emt 00:03:51]} O-O {[%clk 00:55:00] [%emt 00:07:01]}
18. Nc3 {[%clk 01:00:13] [%emt 00:03:36]} Rh5 {[%clk 00:50:22] [%emt 00:05:08]}
19. h3 {[%clk 00:58:16] [%emt 00:02:27]} f5 {[%clk 00:50:37] [%emt 00:00:15]}
20. d5 {[%clk 00:45:30] [%emt 00:13:16]} Nc5 {[%clk 00:28:21] [%emt 00:22:46]}
21. Be2 {[%clk 00:41:17] [%emt 00:04:43]} Rh4 {[%clk 00:27:40] [%emt 00:01:11]}
22. Nxa4 {[%clk 00:39:32] [%emt 00:02:14]} Ne4 {[%clk 00:25:36] [%emt 00:02:35]}
23. Nc3 {[%clk 00:35:54] [%emt 00:04:08]} exd5 {[%clk 00:25:47] [%emt 00:00:19]}
24. cxd5 {[%clk 00:35:03] [%emt 00:01:21]} Nxc3 {[%clk 00:23:02] [%emt
00:03:15]} 25. Qxc3 {[%clk 00:35:11] [%emt 00:00:22]} Bxd5 {[%clk 00:23:27]
[%emt 00:00:05]} 26. Bc4 {[%clk 00:30:38] [%emt 00:05:02]} Bxc4 {[%clk 00:23:38]
[%emt 00:00:19]} 27. Qxc4+ {[%clk 00:31:07] [%emt 00:00:02]} Rf7 {[%clk
00:24:01] [%emt 00:00:07]} 28. a4 {[%clk 00:30:49] [%emt 00:00:48]} g5 {[%clk
00:19:35] [%emt 00:04:56]} 29. a5 {[%clk 00:29:55] [%emt 00:01:24]} bxa5 {[%clk
00:19:28] [%emt 00:00:37]} 30. Rxa5 {[%clk 00:29:42] [%emt 00:00:43]} Qf6 {[%clk
00:18:10] [%emt 00:01:47]} 31. fxg5 {[%clk 00:26:54] [%emt 00:03:18]} Rxc4
{[%clk 00:17:40] [%emt 00:01:01]} 32. gxf6 {[%clk 00:27:22] [%emt 00:00:02]}
Rxf6 {[%clk 00:17:33] [%emt 00:00:37]} 33. Raxf5 {[%clk 00:26:45] [%emt
00:01:06]} Rxf5 {[%clk 00:16:47] [%emt 00:01:17]} 34. Rxf5 {[%clk 00:27:13]
[%emt 00:00:02]} Rb4 {[%clk 00:16:09] [%emt 00:01:08]} 35. Rf2 {[%clk 00:27:04]
[%emt 00:00:38]} Rb3 {[%clk 00:16:25] [%emt 00:00:14]} 36. Re2 {[%clk 00:17:37]
[%emt 00:09:57]} Kf7 {[%clk 00:16:29] [%emt 00:00:26]} 37. Kf2 {[%clk 00:17:48]
[%emt 00:00:20]} Ke6 {[%clk 00:14:10] [%emt 00:02:50]} 38. Rc2 {[%clk 00:14:33]
[%emt 00:03:44]} c5 {[%clk 00:14:30] [%emt 00:00:10]} 39. g4 {[%clk 00:10:53]
[%emt 00:04:09]} Rb5 {[%clk 00:12:56] [%emt 00:02:04]} 40. Kf3 {[%clk 00:09:41]
[%emt 00:01:42]} Ke5 {[%clk 00:10:50] [%emt 00:02:36]} 41. h4 {[%clk 00:08:02]
[%emt 00:02:09]} Rb4 {[%clk 00:06:15] [%emt 00:05:05]} 42. Rh2 {[%clk 00:43:57]
[%emt 00:14:35]} Rb8 {[%clk 00:49:29] [%emt 00:07:16]} 43. g5 {[%clk 00:39:15]
[%emt 00:05:12]} Rf8+ {[%clk 00:46:32] [%emt 00:03:27]} 44. Kg4 {[%clk 00:36:12]
[%emt 00:03:34]} Ke4 {[%clk 00:40:24] [%emt 00:06:37]} 45. Kh5 {[%clk 00:35:21]
[%emt 00:01:21]} Kxe3 {[%clk 00:40:21] [%emt 00:00:33]} 46. Kh6 {[%clk 00:35:36]
[%emt 00:00:15]} Rf7 {[%clk 00:40:03] [%emt 00:00:49]} 47. h5 {[%clk 00:35:22]
[%emt 00:00:43]} d5 {[%clk 00:37:32] [%emt 00:03:02]} 48. g6 {[%clk 00:28:17]
[%emt 00:07:35]} hxg6 {[%clk 00:37:58] [%emt 00:00:04]} 49. hxg6 {[%clk
00:28:40] [%emt 00:00:07]} Rf8 {[%clk 00:21:22] [%emt 00:17:06]} 50. g7 {[%clk
00:22:30] [%emt 00:06:40]} Rb8 {[%clk 00:20:09] [%emt 00:01:43]} 51. Kh7 {[%clk
00:03:54] [%emt 00:19:06]} c4 {[%clk 00:18:27] [%emt 00:02:12]} 52. Rh3+ {[%clk
00:02:13] [%emt 00:02:11]} Ke4 {[%clk 00:14:29] [%emt 00:04:27]} 53. Rh4+ {[%clk
00:01:20] [%emt 00:01:24]} Kd3 {[%clk 00:12:04] [%emt 00:02:55]} 54. Rh3+ {[%clk
00:01:32] [%emt 00:00:17]} Kc2 {[%clk 00:10:46] [%emt 00:01:48]} 55. Rh2+ {[%clk
00:01:34] [%emt 00:00:29]} Kb3 {[%clk 00:10:10] [%emt 00:01:06]} 56. Rd2 {[%clk
00:01:31] [%emt 00:00:33]} Ka2 {[%clk 00:09:22] [%emt 00:01:18]} 57. b4+ {[%clk
00:01:33] [%emt 00:00:27]} Kb3 {[%clk 00:05:29] [%emt 00:04:23]} 58. b5 {[%clk
00:02:02] [%emt 00:00:02]} c3 {[%clk 00:05:21] [%emt 00:00:38]} 59. Rxd5 {[%clk
00:02:19] [%emt 00:00:13]} Kb4 {[%clk 00:04:30] [%emt 00:01:21]} 60. Rg5 {[%clk
00:02:15] [%emt 00:00:34]} c2 {[%clk 00:04:20] [%emt 00:00:41]} 61. Rg1 {[%clk
00:02:23] [%emt 00:00:21]} Rb7 {[%clk 00:03:33] [%emt 00:01:17]} 62. Kh8 {[%clk
00:01:59] [%emt 00:00:53]} 1-0

[Site "Europe Echecs"]

[Event "Grand Swiss "]
[Date "2025.09.13"]
[White "Ivic, Velimir"]
[Black "Madaminov, Mukhiddin"]
[WhiteElo "2630"]
[BlackElo "2560"]
[Round "8.8.53"]
[Result "1-0"]

1. e4 {[%clk 01:40:51] [%emt 00:00:08]} c5 {[%clk 01:40:24] [%emt 00:00:36]} 2.
Nf3 {[%clk 01:41:02] [%emt 00:00:18]} Nc6 {[%clk 01:40:46] [%emt 00:00:08]} 3.
Bb5 {[%clk 01:39:58] [%emt 00:01:34]} g6 {[%clk 01:40:56] [%emt 00:00:21]} 4.
O-O {[%clk 01:35:42] [%emt 00:04:46]} Bg7 {[%clk 01:40:13] [%emt 00:01:12]} 5.
d3 {[%clk 01:34:56] [%emt 00:01:17]} e5 {[%clk 01:39:19] [%emt 00:01:25]} 6. a3
{[%clk 01:31:45] [%emt 00:03:41]} Nge7 {[%clk 01:37:23] [%emt 00:02:23]} 7. b4
{[%clk 01:30:11] [%emt 00:02:06]} d6 {[%clk 01:37:31] [%emt 00:00:21]} 8. bxc5
{[%clk 01:28:08] [%emt 00:02:34]} dxc5 {[%clk 01:36:55] [%emt 00:01:06]} 9. Bg5
{[%clk 01:28:05] [%emt 00:00:33]} Bd7 {[%clk 01:30:53] [%emt 00:06:30]} 10. Bxc6
{[%clk 01:12:24] [%emt 00:16:13]} Bxc6 {[%clk 01:30:45] [%emt 00:00:37]} 11.
Bxe7 {[%clk 01:12:42] [%emt 00:00:13]} Qxe7 {[%clk 01:28:37] [%emt 00:02:38]}
12. c4 {[%clk 01:13:06] [%emt 00:00:06]} O-O {[%clk 01:20:36] [%emt 00:08:29]}
13. Nc3 {[%clk 01:13:25] [%emt 00:00:13]} f5 {[%clk 01:17:14] [%emt 00:03:52]}
14. Nd5 {[%clk 01:11:39] [%emt 00:02:17]} Qd6 {[%clk 01:16:30] [%emt 00:01:12]}
15. a4 {[%clk 01:11:33] [%emt 00:00:37]} Rf7 {[%clk 01:07:46] [%emt 00:09:14]}
16. a5 {[%clk 01:09:33] [%emt 00:02:30]} Raf8 {[%clk 00:59:18] [%emt 00:08:57]}
17. Qe2 {[%clk 01:08:40] [%emt 00:01:24]} h6 {[%clk 00:48:22] [%emt 00:11:26]}
18. Nd2 {[%clk 01:05:04] [%emt 00:04:06]} f4 {[%clk 00:45:07] [%emt 00:03:45]}
19. f3 {[%clk 01:03:27] [%emt 00:02:07]} h5 {[%clk 00:40:28] [%emt 00:05:08]}
20. Qf2 {[%clk 01:01:40] [%emt 00:02:18]} g5 {[%clk 00:40:36] [%emt 00:00:22]}
21. Nb3 {[%clk 01:00:41] [%emt 00:01:28]} Rc8 {[%clk 00:40:59] [%emt 00:00:07]}
22. Kh1 {[%clk 00:48:11] [%emt 00:13:01]} Bd7 {[%clk 00:36:54] [%emt 00:04:35]}
23. Rg1 {[%clk 00:47:33] [%emt 00:01:08]} g4 {[%clk 00:30:13] [%emt 00:07:11]}
24. Raf1 {[%clk 00:38:04] [%emt 00:09:58]} Qh6 {[%clk 00:25:17] [%emt 00:05:27]}
25. Nc1 {[%clk 00:27:45] [%emt 00:10:49]} Kh7 {[%clk 00:11:07] [%emt 00:14:40]}
26. Ne2 {[%clk 00:19:09] [%emt 00:09:07]} Rc6 {[%clk 00:09:17] [%emt 00:02:20]}
27. Qh4 {[%clk 00:11:34] [%emt 00:08:05]} Rg6 {[%clk 00:07:24] [%emt 00:02:21]}
28. Rb1 {[%clk 00:10:32] [%emt 00:01:32]} Bc6 {[%clk 00:06:39] [%emt 00:01:16]}
29. fxg4 {[%clk 00:07:06] [%emt 00:03:57]} hxg4 {[%clk 00:05:30] [%emt
00:01:39]} 30. Qxh6+ {[%clk 00:07:31] [%emt 00:00:04]} Rxh6 {[%clk 00:05:47]
[%emt 00:00:13]} 31. g3 {[%clk 00:07:49] [%emt 00:00:12]} f3 {[%clk 00:03:06]
[%emt 00:03:11]} 32. Nec3 {[%clk 00:07:19] [%emt 00:01:01]} a6 {[%clk 00:03:04]
[%emt 00:00:32]} 33. Nd1 {[%clk 00:06:57] [%emt 00:00:52]} f2 {[%clk 00:00:53]
[%emt 00:02:40]} 34. Rf1 {[%clk 00:06:52] [%emt 00:00:35]} Rf3 {[%clk 00:01:17]
[%emt 00:00:05]} 35. Nxf2 {[%clk 00:06:28] [%emt 00:00:55]} Rxg3 {[%clk
00:01:24] [%emt 00:00:23]} 36. Rg1 {[%clk 00:02:42] [%emt 00:04:16]} Rf3 {[%clk
00:01:29] [%emt 00:00:26]} 37. Nxg4 {[%clk 00:02:55] [%emt 00:00:16]} Rh4 {[%clk
00:01:36] [%emt 00:00:23]} 38. Nge3 {[%clk 00:01:57] [%emt 00:01:28]} Rh5 {[%clk
00:00:31] [%emt 00:01:35]} 39. Rbf1 {[%clk 00:00:56] [%emt 00:01:31]} Rfh3
{[%clk 00:00:33] [%emt 00:00:29]} 40. Rg2 {[%clk 00:00:53] [%emt 00:00:33]} Bxd5
{[%clk 00:00:38] [%emt 00:00:24]} 41. Nxd5 {[%clk 00:50:11] [%emt 00:01:12]}
Rxd3 {[%clk 00:51:01] [%emt 00:00:08]} 42. Rfg1 {[%clk 00:48:20] [%emt
00:02:20]} Bh8 {[%clk 00:51:01] [%emt 00:00:28]} 43. Rb2 {[%clk 00:45:29] [%emt
00:03:22]} Rdh3 {[%clk 00:49:23] [%emt 00:02:08]} 44. Rxb7+ {[%clk 00:43:16]
[%emt 00:02:43]} Kh6 {[%clk 00:49:13] [%emt 00:00:41]} 45. Rb2 {[%clk 00:33:31]
[%emt 00:10:15]} Bf6 {[%clk 00:48:20] [%emt 00:01:22]} 46. Rg8 {[%clk 00:31:24]
[%emt 00:02:38]} Bg5 {[%clk 00:46:21] [%emt 00:02:29]} 47. Rh8+ {[%clk 00:30:10]
[%emt 00:01:44]} Kg6 {[%clk 00:46:28] [%emt 00:00:23]} 48. Rb6+ {[%clk 00:30:26]
[%emt 00:00:14]} Kf7 {[%clk 00:46:31] [%emt 00:00:24]} 49. Rxh5 {[%clk 00:30:46]
[%emt 00:00:13]} Rxh5 {[%clk 00:46:56] [%emt 00:00:04]} 50. Rxa6 {[%clk
00:31:11] [%emt 00:00:06]} Rh4 {[%clk 00:45:59] [%emt 00:01:27]} 51. Ra7+ {[%clk
00:29:39] [%emt 00:02:02]} Ke6 {[%clk 00:45:19] [%emt 00:01:06]} 52. Rg7 {[%clk
00:25:20] [%emt 00:04:53]} Rxe4 {[%clk 00:44:47] [%emt 00:01:02]} 53. Rxg5
{[%clk 00:25:39] [%emt 00:00:11]} Rxc4 {[%clk 00:45:12] [%emt 00:00:06]} 54. Nb6
{[%clk 00:25:48] [%emt 00:00:20]} Rc1+ {[%clk 00:45:33] [%emt 00:00:08]} 55. Rg1
{[%clk 00:26:11] [%emt 00:00:07]} 1-0

[Site "Europe Echecs"]

[Event "Grand Swiss "]
[Date "2025.09.13"]
[White "Vakhidov, Jakhongir"]
[Black "Sargissian, Gabriel"]
[WhiteElo "2521"]
[BlackElo "2626"]
[Round "8.8.54"]
[Result "1/2-1/2"]

1. c4 {[%clk 01:40:56] [%emt 00:00:03]} e6 {[%clk 01:40:53] [%emt 00:00:08]} 2.
Nc3 {[%clk 01:41:21] [%emt 00:00:04]} d5 {[%clk 01:41:17] [%emt 00:00:05]} 3. d4
{[%clk 01:41:48] [%emt 00:00:04]} Nf6 {[%clk 01:41:41] [%emt 00:00:07]} 4. cxd5
{[%clk 01:42:14] [%emt 00:00:04]} exd5 {[%clk 01:42:04] [%emt 00:00:07]} 5. Bg5
{[%clk 01:42:37] [%emt 00:00:06]} c6 {[%clk 01:41:21] [%emt 00:01:13]} 6. e3
{[%clk 01:42:59] [%emt 00:00:08]} h6 {[%clk 01:41:23] [%emt 00:00:28]} 7. Bh4
{[%clk 01:43:22] [%emt 00:00:07]} Be7 {[%clk 01:41:48] [%emt 00:00:05]} 8. Bd3
{[%clk 01:43:44] [%emt 00:00:07]} O-O {[%clk 01:41:44] [%emt 00:00:35]} 9. Bg3
{[%clk 01:44:07] [%emt 00:00:07]} Re8 {[%clk 01:41:12] [%emt 00:01:02]} 10. Nf3
{[%clk 01:44:30] [%emt 00:00:07]} Bg4 {[%clk 01:40:17] [%emt 00:01:26]} 11. h3
{[%clk 01:44:41] [%emt 00:00:18]} Bxf3 {[%clk 01:40:16] [%emt 00:00:32]} 12.
Qxf3 {[%clk 01:45:05] [%emt 00:00:05]} Bd6 {[%clk 01:40:01] [%emt 00:00:44]} 13.
Bh4 {[%clk 01:45:28] [%emt 00:00:08]} Nbd7 {[%clk 01:37:22] [%emt 00:03:10]} 14.
O-O {[%clk 01:45:50] [%emt 00:00:08]} Be7 {[%clk 01:37:14] [%emt 00:00:38]} 15.
Bg3 {[%clk 01:46:13] [%emt 00:00:06]} Nf8 {[%clk 01:35:02] [%emt 00:02:41]} 16.
Be5 {[%clk 01:46:38] [%emt 00:00:07]} N6d7 {[%clk 01:33:54] [%emt 00:01:37]} 17.
Bg3 {[%clk 01:46:52] [%emt 00:00:16]} Nf6 {[%clk 01:33:53] [%emt 00:00:31]} 18.
Be5 {[%clk 01:46:49] [%emt 00:00:34]} N6d7 {[%clk 01:34:01] [%emt 00:00:22]} 19.
Bg3 {[%clk 01:47:12] [%emt 00:00:06]} Nf6 {[%clk 01:34:23] [%emt 00:00:08]} 20.
Be5 {[%emt 00:00:09]} 1/2-1/2

[Site "Europe Echecs"]